000 00702nam a22002297a 4500
999 _c15129
_d15129
003 MIRAKIL
005 20221227151018.0
008 221227b tu ||||| |||| 00| 0 tur d
020 _a9786258049800
040 _aTR-AnCHP
_btur
_cTR-AnCHP
041 _atur
082 _a956.226
_bK85i 2022
100 _aKumrular, Özlem
245 _aİstanbul eğleniyor
_bİstanbul'un eğlence atlası/
_cÖzlem Kumrular
246 _aİstanbul'un eğlence atlası
260 _aİstanbul:
_bİstanbul Büyükşehir Belediyesi,
_c2022.
300 _a576 s.:
_bfotg. ;
_c27 sm.
504 _aKaynakça ve dizin vardır.
650 _aİstanbul
_xTarih
_xEğlence hayatı
942 _2ddc
_cBKS
999 _d15129